000 01200nam a22003497a 4500
003 CHAP
005 20220817041239.0
008 971013s1991 r 00010 d
010 _a9551
011 _a10523
035 _a9760
040 _cCHAP
090 _aTesis
100 0 0 _aLeos Rodríguez, Juan Antonio.
_966243
245 _aSurplus transfer and the terms of trade in mexican agriculture
260 _aBerkeley, Ca. :
_bThe author,
_c1991
300 _a251 h.
502 _aTesis (Ph.D. in Agriculture & Resource Economics) -- University of California
590 _aALEPH
_b10
_c20130110
_lUCH01
_h1225
590 _aBATCH-UPD
_b10
_c20130110
_lUCH01
_h1234
590 _aBATCH-UPD
_b10
_c20130410
_lUCH01
_h0803
590 _aBATCH-UPD
_b10
_c20130914
_lUCH01
_h1722
590 _aCONVERSION
_b10
_c20130109
_lUCH01
_h1306
650 1 4 _aAgricultura
_xAspectos economicos
_zMexico.
_91312
650 1 4 _aPolítica agrícola
_zMéxico.
650 1 4 _aProductos agrícolas
_xMercadeo.
_991951
650 1 4 _aProductos agrícolas
_xPrecios.
_992004
901 _aBK
942 _cFOLL
949 _bBC
_cTES
_d-20859
_eTS1
_h26731
_i9760
_si
949 _bBC
_cTES
_d33724000633467
_eTS2
_fc.2
_h31071
_i9760
_si
999 _c9551
_d9551